Extrema derecha 2.0 : (Record no. 53133)

MARC details
000 -LEADER
campo de control de longitud fija 00840nam a2200313Ia 4500
001 - NÚMERO DE CONTROL
campo de control 063738
008 - DATOS DE LONGITUD FIJA--INFORMACIÓN GENERAL
campo de control de longitud fija 221003s2021 xx 000 0 spa d
020 ## - NÚMERO INTERNACIONAL ESTÁNDAR DEL LIBRO
Número Internacional Estándar del Libro 978-84-323-2030-9
035 ## - NÚMERO DE CONTROL DEL SISTEMA
Número de control de sistema CENDO_53134
041 ## - CÓDIGO DE IDIOMA
Código de lengua del texto/banda sonora o título independiente spa
084 ## - OTRO NÚMERO DE CLASIFICACIÓN
Número de clasificación CD-17464
100 ## - ENTRADA PRINCIPAL--NOMBRE DE PERSONA
Nombre de persona FORTI, Steven
9 (RLIN) 35232
245 #0 - MENCIÓN DEL TÍTULO
Título Extrema derecha 2.0 :
Resto del título qué es y cómo combatirla /
Mención de responsabilidad, etc. Steven Forti ; prólogo de Enric Juliana
250 ## - MENCION DE EDICION
Mención de edición 2ª ed
260 ## - PUBLICACIÓN, DISTRIBUCIÓN, ETC.
Lugar de publicación, distribución, etc. Madrid :
Nombre del editor, distribuidor, etc. Siglo XXI,
Fecha de publicación, distribución, etc. 2021
300 ## - DESCRIPCIÓN FÍSICA
Extensión 271 p. ;
Dimensiones 22 cm
650 ## - PUNTO DE ACCESO ADICIONAL DE MATERIA--TÉRMINO DE MATERIA
Término de materia o nombre geográfico como elemento de entrada SOCIOLOGIA
9 (RLIN) 536
650 ## - PUNTO DE ACCESO ADICIONAL DE MATERIA--TÉRMINO DE MATERIA
Término de materia o nombre geográfico como elemento de entrada IDEOLOGIA POLITICA
9 (RLIN) 1711
650 #0 - PUNTO DE ACCESO ADICIONAL DE MATERIA--TÉRMINO DE MATERIA
Término de materia o nombre geográfico como elemento de entrada PROBLEMA POLITICO
9 (RLIN) 2143
650 #0 - PUNTO DE ACCESO ADICIONAL DE MATERIA--TÉRMINO DE MATERIA
Término de materia o nombre geográfico como elemento de entrada EUROPA
9 (RLIN) 139
700 ## - ENTRADA AGREGADA--NOMBRE PERSONAL
Nombre de persona JULIANA RICARD, Enric
9 (RLIN) 16126
901 ## - ELEMENTOS DE DATOS A LOCAL LDA (RLIN)
a 1
903 ## - ELEMENTOS DE DATOS C LOCAL, LDC (RLIN)
a NO
904 ## - ELEMENTOS DE DATOS D LOCAL, LDD (RLIN)
a 000
953 ## -
-- 2022-04-25
-- MONOGRAFIA
-- CD-17464
910 ## - DATOS DE OPCIÓN DEL USUARIO (OCLC)
Datos de opción del usuario 2021
942 ## - ELEMENTOS DE ENTRADA SECUNDARIOS (KOHA)
Tipo de ítem Koha Monografía
Holdings
Estatus retirado Estado de pérdida Estado de daño No para préstamo Biblioteca de origen Biblioteca actual Fecha de adquisición Total de préstamos Signatura topográfica completa Código de barras Visto por última vez Precio de reemplazo Tipo de ítem Koha
        CENDO CENDO 25/04/2022   CD-17464 CENDO_53134 05/10/2022 05/10/2022 Monografía